Agricultural engineering (Record no. 15394)
[ view plain ]
| 000 -LEADER | |
|---|---|
| fixed length control field | 00307nam a22001337a 4500 |
| 020 ## - INTERNATIONAL STANDARD BOOK NUMBER | |
| ISBN | 9789384502249 |
| 082 ## - DEWEY DECIMAL CLASSIFICATION NUMBER | |
| Classification number | 630 |
| Item number | DAV/AG |
| 100 ## - MAIN ENTRY--AUTHOR NAME | |
| Personal name | Davidson, J. Brownlee |
| 245 ## - TITLE STATEMENT | |
| Title | Agricultural engineering |
| 250 ## - EDITION STATEMENT | |
| Edition statement | 1 |
| 260 ## - PUBLICATION, DISTRIBUTION, ETC. (IMPRINT) | |
| Place of publication | New Delhi |
| Name of publisher | Agri-Biovet Press |
| Year of publication | 2017 |
| 300 ## - PHYSICAL DESCRIPTION | |
| Number of Pages | 500 |
| 942 ## - ADDED ENTRY ELEMENTS (KOHA) | |
| Koha item type | Book Bank scheme for SC students |
| Withdrawn status | Lost status | Damaged status | Home library | Current library | Shelving location | Date acquired | Cost, normal purchase price | Full call number | Accession Number | Koha item type | Collection code |
|---|---|---|---|---|---|---|---|---|---|---|---|
| KAUAET | KAUAET | Scheme | 31/03/2018 | 2595.00 | 630 DAV/AG | BB 465 | Book Bank scheme for SC students | ||||
| KAUAET | KAUAET | General Stacks | 23/05/2019 | 2595.00 | 630 DAV/AG | 25868 | Book Bank scheme for SC students | Non-fiction |
